| 000 | 00787nam a2200277Ia 4500 | ||
|---|---|---|---|
| 003 | OSt | ||
| 005 | 20220926014510.0 | ||
| 006 | a|||||r|||| 00| 0 | ||
| 007 | ta | ||
| 008 | 220923b |||||||| |||| 00| 0 eng d | ||
| 020 | _a007034583X | ||
| 037 | _cGeneral Book | ||
| 040 |
_aRTL _cRTL _beng |
||
| 041 |
_2eng _aeng |
||
| 082 | _aX:77, L7 | ||
| 100 |
_aKindlederger Charies P _9320715 |
||
| 245 | 0 | _aEconomic development | |
| 250 | _aEd 3 | ||
| 260 |
_aNew York _bMcGraw-Hill _c1977 |
||
| 300 |
_axiv,397p. Bibliograpy chapterwise _ccm. |
||
| 490 | _aEconomic handbook series | ||
| 650 | _aEconomics Development | ||
| 700 |
_a Herrick Bruce _9136870 |
||
| 942 |
_hX:77, L7 _cGB _2CC |
||
| 999 |
_c629163 _d629163 |
||